[Event "Lidkoping Open"]
[Site "Lidkoping SWE"]
[Date "2013.09.01"]
[Round "6"]
[White "Rothen,H"]
[Black "Rahul Kumar,P"]
[Result "1-0"]
[WhiteElo "2280"]
[BlackElo "2194"]

1.d4 d6 2.e4 Nf6 3.Nc3 c6 4.g3 Nbd7 5.Bg2 e5 6.Nge2 Be7 7.O-O a6 8.a4 O-O
9.h3 Re8 10.Be3 a5 11.d5 Bf8 12.Qd2 Nb6 13.b3 cxd5 14.exd5 Bf5 15.g4 Bg6
16.Ng3 Rc8 17.Rac1 Nbd7 18.g5 Nh5 19.Nxh5 Bxh5 20.h4 Bg4 21.Ne4 f5 22.f3 Bh5
23.Ng3 Bg6 24.f4 h6 25.fxe5 dxe5 26.Nxf5 h5 27.Be4 Kh7 28.Kg2 Nc5 29.Bxc5 Bxc5
30.Qd3 Kh8 31.c4 Qd7 32.Ng3 Bxe4+ 33.Qxe4 Qg4 34.Qxg4 hxg4 35.Rce1 Rf8 36.Rxe5 Rxf1
37.Nxf1 Kh7 38.h5 Rf8 39.Ne3 Rf3 40.Nxg4 Rxb3 41.g6+ Kg8 42.Re8+ Bf8 43.Ne5 Re3
44.d6  1-0

[Event "TCh-ROU w 2013"]
[Site "Mamaia ROU"]
[Date "2013.09.01"]
[Round "2.4"]
[White "Padurariu,I"]
[Black "Vasilescu,M"]
[Result "1/2-1/2"]
[WhiteElo "2205"]
[BlackElo "1880"]

1.e4 d6 2.d4 Nf6 3.Nc3 e5 4.Nf3 Nbd7 5.Bc4 Be7 6.O-O O-O 7.Re1 c6 8.a4 a5
9.Ba2 exd4 10.Nxd4 Nc5 11.h3 Be6 12.Bf4 Bxa2 13.Rxa2 d5 14.e5 Nfe4 15.Nxe4 Nxe4
16.f3 Nc5 17.Be3 f6 18.e6 f5 19.c3 Qd6 20.Bf2 Na6 21.b3 Nc7 22.Qd3 g6 23.Rae2 Rae8
24.Nc2 c5 25.Ne3 Bf6 26.Nc4 Qa6 27.Nb2 Qxd3 28.Nxd3 b6 29.Bg3 Na6 30.Bd6 Bxc3
31.Bxf8 Bxe1 32.Bxc5 Nxc5 33.Nxc5 bxc5 34.Rxe1 Kf8 35.Re5 c4 36.bxc4 dxc4
37.Rc5 Rxe6 38.Rxc4 Re1+ 39.Kf2 Ra1 40.g4 fxg4 41.hxg4 Kf7 42.Re4 Kf6 43.Kg3 Ra3
44.Kf2  1/2-1/2

[Event "TCh-ROU 2013"]
[Site "Mamaia ROU"]
[Date "2013.09.01"]
[Round "2.6"]
[White "Bida,M"]
[Black "Manea,Al"]
[Result "0-1"]
[WhiteElo "2225"]
[BlackElo "2390"]

1.e4 d6 2.d4 Nf6 3.Nc3 c6 4.Bg5 Qb6 5.Qd2 Qxb2 6.Rb1 Qa3 7.e5 h6 8.Bxf6 gxf6
9.exf6 e6 10.d5 Nd7 11.dxe6 fxe6 12.Bd3 Nxf6 13.Nge2 Qc5 14.O-O Rg8 15.Ng3 Qg5
16.f4 Qc5+ 17.Rf2 d5 18.Be2 b5 19.Nh5 Be7 20.Qd3 Bd7 21.Rd1 O-O-O 22.a4 Nxh5
23.Bxh5 d4 24.Bf7 Qxc3 25.Bxg8 Qxd3 26.cxd3 Rxg8 27.axb5 cxb5 28.Ra1 Kb7
29.Rfa2 Bc5 30.Kf2 Bb6  0-1

[Event "15th Trieste Open"]
[Site "Trieste ITA"]
[Date "2013.09.01"]
[Round "2"]
[White "Rozentalis,E"]
[Black "Solomon,K"]
[Result "1-0"]
[WhiteElo "2607"]
[BlackElo "2372"]

1.e4 d6 2.d4 Nf6 3.Nc3 e5 4.Nf3 Nbd7 5.Bc4 Be7 6.O-O O-O 7.Re1 c6 8.a4 a5
9.h3 h6 10.Be3 Re8 11.Qd2 Bf8 12.Rad1 Qc7 13.Bb3 Nb8 14.Nh4 Be6 15.Bxe6 fxe6
16.Ng6 Nbd7 17.Nxf8 Rxf8 18.dxe5 dxe5 19.Qe2 Rfe8 20.Qc4 Rac8 21.Re2 b6 22.Red2 Kh8
23.Nb1 Qb7 24.Na3 Rb8 25.Rd6 b5 26.axb5 cxb5 27.Qd3 Re7 28.f3 a4 29.b3 b4
30.Nc4 Qb5 31.Nb2 axb3 32.cxb3 Nf8 33.Qxb5 Rxb5 34.Rd8 Kg8 35.Ra1 Re8 36.Rxe8 Nxe8
37.Ra8 Nc7 38.Rc8 Na6 39.Rc4 Rb8 40.Rc6  1-0

[Event "74th ch-ARM 1st League"]
[Site "Yerevan ARM"]
[Date "2013.09.01"]
[Round "11.1"]
[White "Kotanjian,T"]
[Black "Grigoryan,K2"]
[Result "0-1"]
[WhiteElo "2500"]
[BlackElo "2550"]

1.d4 d6 2.e4 Nf6 3.Nc3 e5 4.Nf3 Nbd7 5.Bc4 Be7 6.O-O O-O 7.a4 a5 8.Re1 c6
9.b3 h6 10.Ba3 Re8 11.Qd2 Qc7 12.Rad1 Nb6 13.Bd3 Bg4 14.Ne2 Bxf3 15.gxf3 Nh5
16.dxe5 dxe5 17.Bxe7 Qxe7 18.Kh1 Qf6 19.Qe3 Nd7 20.Ng3 Nf4 21.Nf5 Nf8 22.Rg1 N8e6
23.Bc4 Rad8 24.Bxe6 fxe6 25.Nd6 Re7 26.Nc4 Rxd1 27.Rxd1 Rd7 28.Rg1 b5 29.Nxa5 Nh3
30.Ra1 Rd2 31.Nxc6 Nxf2+ 32.Kg1 Nh3+ 33.Kh1 Rxc2 34.axb5 Kh7 35.b6 Qg6  0-1

[Event "TCh-SRB 1st League 2013"]
[Site "Kragujevac SRB"]
[Date "2013.09.03"]
[Round "11.6"]
[White "Pap,M"]
[Black "Paunovic,D"]
[Result "1/2-1/2"]
[WhiteElo "2488"]
[BlackElo "2503"]

1.e4 d6 2.d4 Nf6 3.Nc3 e5 4.dxe5 dxe5 5.Qxd8+ Kxd8 6.Bg5 c6 7.Bc4 Ke8 8.Nf3 Bd6
9.O-O-O Bc7 10.Bxf6 gxf6 11.Nh4 Be6 12.Bb3 Na6 13.Nf5 Nc5 14.f3  1/2-1/2

[Event "TCh-ROU w 2013"]
[Site "Mamaia ROU"]
[Date "2013.09.03"]
[Round "4.3"]
[White "Rendi,E"]
[Black "Dragomirescu,An"]
[Result "1/2-1/2"]
[WhiteElo "2101"]
[BlackElo "2242"]

1.e4 d6 2.d4 Nf6 3.Nc3 e5 4.Nf3 Nbd7 5.Bc4 Be7 6.O-O O-O 7.Re1 c6 8.a4 b6
9.h3 a6 10.Be3 Rb8 11.Ba2 b5 12.axb5 axb5 13.b4 Qc7 14.Qd3 Bb7 15.Rad1 Nb6
16.Nh4 Rfe8 17.Nf5 Bc8 18.Nxe7+ Qxe7 19.dxe5 dxe5 20.Qd6 Bd7 21.Bc5 Qxd6
22.Rxd6 Nc8 23.Rd3 Rb7 24.Red1 Ne7 25.Kh2 Ng6 26.g3 Nf8 27.f4 Be6 28.fxe5 N6d7
29.Bxe6 Nxc5 30.Bxf7+ Rxf7 31.bxc5 Rxe5 32.R1d2 Rxc5 33.Nd1 Re5 34.Nf2 Ne6
35.Rd6 Ng5 36.Kg2 Rc5 37.e5 Rxe5 38.Rxc6 h5 39.Nd3 Re3 40.Nf4 h4 41.gxh4 Nf3
42.Re2 Nxh4+ 43.Kh2 Ra3 44.Ne6 Nf3+ 45.Kg2 Nh4+ 46.Kh2 Nf3+ 47.Kg2 Nh4+ 48.Kh2 Nf3+
49.Kg2  1/2-1/2

[Event "17th Cesenatico Open"]
[Site "Cesenatico ITA"]
[Date "2013.09.04"]
[Round "5.10"]
[White "Facchetti,G"]
[Black "Schaufelberger,H"]
[Result "1/2-1/2"]
[WhiteElo "2095"]
[BlackElo "2262"]

1.e4 d6 2.d4 Nf6 3.Nc3 e5 4.Nf3 exd4 5.Nxd4 Be7 6.Be2 O-O 7.Be3 a6 8.a4 c5
9.Nb3 Re8 10.O-O Bf8 11.e5 dxe5 12.Nxc5 Qc7 13.N5e4 Nxe4 14.Nxe4 Rd8 15.Qc1 f5
16.Nc3 Be6 17.a5 Nd7 18.Na4 Rab8 19.Nb6 Bc5 20.Bc4 Bxc4 21.Nxc4 Bxe3 22.Nxe3 f4
23.Nd5 Qd6 24.Rd1 Nf6 25.Nxf6+ Qxf6 26.f3 b6 27.b4 bxa5 28.Rxa5 Rxb4 29.Rxa6 Qf8
30.h3 Qc5+ 31.Kh2 Rc8 32.c3 Rc4 33.Qc2 g6 34.Qb3 Qe7 35.Ra4 Qf7 36.Rxc4 Rxc4
37.Qb8+ Kg7 38.Qxe5+ Kh6 39.h4 Qf5 40.Qxf5 gxf5 41.Rc1 Kg6 42.Rc2 Kh5 43.Kh3 Kg6
44.Rb2 Rxc3 45.Rb4 Ra3 46.Rxf4 Ra5 47.Rb4 Ra6 48.Rb5 Rc6 49.Kg3 Ra6 50.Rb4 Rc6
51.Kf4 Ra6 52.Rd4 Kf6 53.h5 Rb6 54.Ra4 Rc6 55.g3 Rb6 56.g4 fxg4 57.fxg4 Rb7
58.Ra6+ Kg7 59.h6+ Kf7 60.Kg5 Rb5+ 61.Kh4 Rb7 62.Kh5 Rb5+ 63.g5 Rb1 64.Ra7+ Kg8
65.Rg7+ Kh8 66.Rd7 Kg8 67.Re7 Rb8 68.Rg7+ Kh8 69.Rf7 Kg8 70.Rf4 Ra8 71.Re4 Rb8
72.Kg4 Ra8 73.Re5 Rb8 74.Kf5 Ra8  1/2-1/2

[Event "17th Cesenatico Open"]
[Site "Cesenatico ITA"]
[Date "2013.09.04"]
[Round "5.8"]
[White "Sprotte,N"]
[Black "De Santis,A"]
[Result "1/2-1/2"]
[WhiteElo "2161"]
[BlackElo "2289"]

1.d4 d6 2.e4 Nf6 3.Nc3 c6 4.a4 a5 5.h3 g6 6.Nf3 Bg7 7.Be2 O-O 8.O-O Na6 9.Be3 Nb4
10.Rc1 Qc7 11.Qd2 Rd8 12.Rfd1 Bd7 13.Bh6 Bh8 14.Ng5 Be8 15.Qe3 Bg7 16.Bxg7 Kxg7
17.Nf3 Nd7 18.Nh2 Nf6 19.Ng4 Nxg4 20.hxg4 f6  1/2-1/2

[Event "78th ch-ESP 2013"]
[Site "Linares ESP"]
[Date "2013.09.04"]
[Round "7.26"]
[White "Gavilan Diaz,M"]
[Black "Perera Borrego,M"]
[Result "1-0"]
[WhiteElo "2225"]
[BlackElo "2062"]

1.e4 d6 2.d4 Nf6 3.Nc3 e5 4.Nf3 Nbd7 5.Bc4 Be7 6.O-O O-O 7.Re1 c6 8.a4 a5
9.h3 Nb6 10.Ba2 Nfd7 11.Be3 exd4 12.Bxd4 Nc5 13.Bxc5 dxc5 14.Qe2 Qd6 15.Qe3 Qg6
16.Ne5 Qh5 17.Nd3 Ra6 18.e5 c4 19.Nc5 Nd5 20.Nxd5 Bxc5 21.Nf6+ gxf6 22.Qxc5 f5
23.Bxc4 b5 24.Be2 Qh4 25.Rad1 Qxa4 26.Rd4 Qa2 27.b3 Be6 28.Red1 Raa8 29.R1d3 h6
30.Rh4 f4 31.Rxf4 Kh8 32.Rf6 Rg8 33.Rxh6+ Kg7 34.Rh5 Qa1+ 35.Kh2 f5 36.Qe7+  1-0

[Event "78th ch-ESP 2013"]
[Site "Linares ESP"]
[Date "2013.09.04"]
[Round "7.10"]
[White "Recuero Guerra,D"]
[Black "Torres Ventosa,P"]
[Result "1-0"]
[WhiteElo "2454"]
[BlackElo "2317"]

1.e4 d6 2.d4 Nf6 3.Nc3 e5 4.Nf3 Nbd7 5.Bc4 Be7 6.a4 O-O 7.O-O a5 8.Ba2 c6
9.Qe2 exd4 10.Nxd4 Nc5 11.Bf4 Ne6 12.Be3 Nc5 13.f3 d5 14.Rad1 Re8 15.Qf2 Na6
16.exd5 Nxd5 17.Nxc6 bxc6 18.Nxd5 cxd5 19.Bxd5 Bh4 20.g3 Bh3 21.Bxa8 Qxa8
22.gxh4 Re6 23.Bb6 Rg6+ 24.Kh1 Bxf1 25.Rd8+ Qxd8 26.Bxd8 Bh3 27.Bxa5 h6 28.Bd2 Nc7
29.h5 Rc6 30.Qg3 Bf5 31.Bc3 Ne6 32.a5 Bxc2 33.Qb8+ Kh7 34.Qb7 Rc7 35.a6 Bd3
36.Be5 Rc1+ 37.Kg2 Rc2+ 38.Kg3 f5 39.a7 f4+ 40.Bxf4 Nd4 41.a8=Q Nf5+ 42.Kh3 Bf1+
43.Kg4 Re2 44.Qe4 Bh3+ 45.Kxh3 Rxh2+ 46.Kxh2  1-0

[Event "ch-POR 2013"]
[Site "Lisbon POR"]
[Date "2013.09.04"]
[Round "3.4"]
[White "Dias,P"]
[Black "Rocha,S"]
[Result "1/2-1/2"]
[WhiteElo "2408"]
[BlackElo "2408"]

1.d4 d6 2.e4 Nf6 3.Nc3 e5 4.dxe5 dxe5 5.Qxd8+ Kxd8 6.Bc4 Be6 7.Bxe6 fxe6
8.Be3 Bd6 9.f3 Ke7 10.Nh3 Nc6 11.Nf2 Nh5 12.Nd3 Nf4 13.Bxf4 exf4 14.O-O-O Rhf8
15.Rhe1 Ne5 16.Nxe5 Bxe5 17.Rd3 Rad8 18.Rxd8 Kxd8 19.Nd1 c5 20.c4 Ke7 21.Nf2 Rd8
22.Kc2 b6 23.Nd3 Kf6 24.a3 g5 25.Rd1 Rd4 26.b3 h5 27.Nf2 Rxd1 28.Kxd1 Bb2
29.a4 a5 30.Nd3 Bd4 31.h4 e5 32.hxg5+ Kxg5 33.Ke2 Kh4 34.Kf1 Kg3 35.Nc1 Kh2
36.Ne2 h4 37.Nc1 Bb2 38.Nd3 Bd4 39.Nc1 Be3 40.Nd3 Bd4 41.Nc1  1/2-1/2

[Event "12th Izmir Open"]
[Site "Izmir TUR"]
[Date "2013.09.05"]
[Round "5.6"]
[White "Koziak,V"]
[Black "Duman,A"]
[Result "1-0"]
[WhiteElo "2508"]
[BlackElo "2271"]

1.e4 d6 2.d4 Nf6 3.Nc3 e5 4.Nf3 Nbd7 5.Bc4 Be7 6.O-O O-O 7.a4 a5 8.Re1 c6
9.h3 Nb6 10.Ba2 Nfd7 11.Be3 exd4 12.Bxd4 Nc5 13.Bxc5 dxc5 14.Qe2 Qc7 15.e5 Be6
16.Bxe6 fxe6 17.Ne4 Nd5 18.c4 Nf4 19.Qe3 Rf5 20.Ng3 Rf7 21.Ne2 Ng6 22.Rad1 Raf8
23.b3 Rf5 24.Ng3 R5f7 25.Qc3 Nf4 26.Re3 Rd8 27.Rxd8+ Qxd8 28.Re1 Qf8 29.Re3 Qd8
30.Qe1 Bf8 31.Qb1 Rd7 32.Qe4 Rd1+ 33.Kh2 Nd3 34.Qg4 Nxf2 35.Qxe6+ Kh8 36.Qf5 Be7
37.Qc2 Nxh3 38.gxh3 Bg5 39.Nxg5  1-0

[Event "12th Izmir Open"]
[Site "Izmir TUR"]
[Date "2013.09.05"]
[Round "6.13"]
[White "Okus,M"]
[Black "Ahmadinia,E"]
[Result "0-1"]
[WhiteElo "1987"]
[BlackElo "2381"]

1.e4 d6 2.d4 Nf6 3.Nc3 e5 4.Nf3 Nbd7 5.Bc4 Be7 6.O-O O-O 7.h3 c6 8.Bb3 b5
9.a3 a6 10.Qe2 Qc7 11.Bg5 Re8 12.dxe5 dxe5 13.Bh4 h6 14.Rad1 Nc5 15.Ba2 a5
16.Bg3 Bf8 17.Nxe5 Rxe5 18.Bxe5 Qxe5 19.f4 Qh5 20.e5 Bg4 21.hxg4 Nxg4 22.g3 b4
23.Kg2 bxc3 24.Rh1 Qf5 25.bxc3 Ne4 26.Rd4 Nxc3 27.Bxf7+ Kxf7 28.Qc4+ Nd5
29.Qxc6 Nde3+ 30.Kg1 Qxc2 31.Rd7+ Be7 32.Qxc2 Nxc2 33.Kg2 Rd8 34.Rxd8 Bxd8
35.Kf3 Nge3 36.Ke4 Be7 37.a4 Bb4 38.Kd3 Ke6 39.Ke4 Nf5 40.Rg1 Bc5 41.Rc1 Nxg3+
42.Kd3 Nb4+ 43.Kc4 Be3 44.Kb5  0-1

[Event "78th ch-ESP 2013"]
[Site "Linares ESP"]
[Date "2013.09.05"]
[Round "8.19"]
[White "Vega Gutierrez,B"]
[Black "Torres Ventosa,P"]
[Result "0-1"]
[WhiteElo "2148"]
[BlackElo "2317"]

1.e4 d6 2.d4 Nf6 3.Nc3 Nbd7 4.g4 h6 5.h3 e5 6.Nge2 c6 7.Bg2 b5 8.a3 Rb8 9.Be3 a5
10.Ng3 g6 11.O-O b4 12.axb4 Rxb4 13.b3 h5 14.g5 Nh7 15.h4 Bg7 16.Nce2 f6
17.c3 Rb5 18.f4 fxg5 19.fxg5 Rf8 20.Nc1 Qe7 21.Nxh5 gxh5 22.Qxh5+ Kd8 23.Qxh7 Rh8
24.Qg6 Nf8 25.Qf7 exd4 26.cxd4 Rxh4 27.Ra2 Rg4 28.Raf2 Be6 29.Qh5 Qe8 30.Qh2 Ke7
31.Rf3 Qg6 32.Rg3 Rxg3 33.Qxg3 Nh7 34.e5 dxe5 35.Bxc6 Rb4 36.Qg2 exd4 37.Bd2 Rb8
38.Re1 d3 39.Be4 Bd4+ 40.Kh1 Qg7 41.Bf5 Nf8 42.Qg4 Be5 43.Nxd3 Qh8+ 44.Kg2 Qh2+
45.Kf3 Rxb3 46.Ke4 Qxd2 47.Kxe5 Rxd3  0-1

[Event "TCh-ROU 2013"]
[Site "Mamaia ROU"]
[Date "2013.09.05"]
[Round "6.5"]
[White "Grozav,V"]
[Black "Dumitrache,D"]
[Result "0-1"]
[WhiteElo "2165"]
[BlackElo "2458"]

1.e4 d6 2.d4 Nf6 3.Nc3 Nbd7 4.Be3 e5 5.f3 Be7 6.g4 O-O 7.Qd2 c6 8.Nce2 b5
9.Ng3 Nb6 10.dxe5 dxe5 11.O-O-O Qxd2+ 12.Rxd2 Be6 13.Nf5 Bxf5 14.gxf5 Rfd8
15.Rxd8+ Rxd8 16.Bd3 Nfd7 17.Nh3 Bc5 18.Bxc5 Nxc5 19.Be2 a5 20.Rd1 Rxd1+
21.Kxd1 Nba4 22.Kc1 g6 23.fxg6 hxg6 24.c3 Kg7 25.Kc2 f5 26.b3 Nb6 27.exf5 gxf5
28.Kd2 Kg6 29.f4 e4 30.c4 bxc4 31.Bxc4 Nxc4+ 32.bxc4 Nd3 33.Ke3 Nb4 34.a4 Nd3
35.Ng1 c5 36.Nf3 exf3 37.Kxd3 Kh5 38.Ke3 Kg4 39.Kf2 Kh3  0-1

[Event "TCh-ROU w 2013"]
[Site "Mamaia ROU"]
[Date "2013.09.05"]
[Round "6.4"]
[White "Firaru,R"]
[Black "Vasilescu,M"]
[Result "0-1"]
[WhiteElo "1684"]
[BlackElo "1880"]

1.e4 d6 2.d4 Nf6 3.Nc3 Nbd7 4.Nf3 e5 5.Bc4 Be7 6.O-O O-O 7.Re1 c6 8.a4 a5
9.h3 Nb6 10.Ba2 Nfd7 11.Be3 Qc7 12.Qd3 exd4 13.Bxd4 Ne5 14.Bxe5 dxe5 15.Qe3 Nd7
16.Rad1 Nc5 17.Rd2 Be6 18.Red1 Bxa2 19.Nxa2 Rad8 20.Nc3 Ne6 21.Rxd8 Rxd8
22.Rxd8+ Bxd8 23.Ne2 Qd6 24.Qd2 Qc5 25.Ng3 Bb6 26.Nf5 Nd4 27.N3xd4 exd4 28.Qg5 g6
29.Nh6+ Kg7 30.Nf5+ Kf8 31.Qh6+ Ke8 32.Ng7+ Kd7 33.Qf4 Qe7 34.e5 Kc8 35.Qg4+ Kb8
36.Qf4 Bc7 37.Qf6 Qxe5 38.Qxe5 Bxe5 39.Ne8 Kc8 40.f4 d3 41.cxd3 Bd4+  0-1

[Event "TCh-ROU w 2013"]
[Site "Mamaia ROU"]
[Date "2013.09.05"]
[Round "6.3"]
[White "Sonfalean,M"]
[Black "Dragomirescu,An"]
[Result "0-1"]
[WhiteElo "1581"]
[BlackElo "2242"]

1.e4 d6 2.d4 Nf6 3.Nc3 e5 4.Nf3 Nbd7 5.Be2 Be7 6.O-O O-O 7.Be3 Re8 8.Qd2 c6
9.Rad1 b5 10.a3 Qc7 11.d5 a6 12.Ne1 Bb7 13.f4 cxd5 14.exd5 e4 15.Qd4 Bd8
16.g4 Nb6 17.Bf2 Nfxd5 18.Nxe4 Nxf4 19.Bf3 Bxe4 20.Bg3 Nh3+ 21.Kg2 Ng5 22.Bxd6 Bxf3+
23.Nxf3 Qxc2+  0-1

[Event "10th LGA Premium Cup GpC"]
[Site "Nuernberg GER"]
[Date "2013.09.05"]
[Round "1.4"]
[White "Seibold,H"]
[Black "Zude,E"]
[Result "1-0"]
[WhiteElo "2166"]
[BlackElo "2377"]

1.e4 d6 2.d4 Nf6 3.Nc3 e5 4.dxe5 dxe5 5.Qxd8+ Kxd8 6.Bc4 Be6 7.Bxe6 fxe6
8.f3 Nc6 9.Be3 Bd6 10.O-O-O Ke7 11.Nh3 a6 12.Nf2 h6 13.Nd3 b5 14.a3 Rhb8
15.g4 Nd7 16.h4 Na5 17.Kb1 Nc4 18.Bc1 a5 19.Ne2 Ndb6 20.b3 Ra6 21.Ka2 b4
22.bxc4 Nxc4 23.a4 Rc6 24.Rh2 Ra6 25.Bb2 Ne3 26.Rc1 Nc4 27.f4  1-0

[Event "10th LGA Premium Cup GpB"]
[Site "Nuernberg GER"]
[Date "2013.09.05"]
[Round "1.4"]
[White "Braun,A"]
[Black "Tischbierek,R"]
[Result "1-0"]
[WhiteElo "2570"]
[BlackElo "2425"]

1.d4 d6 2.e4 Nf6 3.Nc3 e5 4.Nf3 Nbd7 5.Bc4 Be7 6.O-O O-O 7.h3 c6 8.a4 b6
9.Re1 a6 10.Bd3 Re8 11.Ne2 Bf8 12.Ng3 Bb7 13.c3 Qc7 14.b4 Rad8 15.Qb3 h6
16.Bb2 d5 17.dxe5 Nxe4 18.c4 Nxg3 19.cxd5 Nh5 20.Bg6 cxd5 21.Rac1 Qxc1 22.Bxf7+ Kxf7
23.Bxc1 g6 24.Qd3 Re6 25.g4 Bxb4 26.Bxh6 Bxe1 27.Ng5+ Ke7 28.Nxe6 Nxe5 29.Qe3 Kxe6
30.Qxe1 Kf6 31.Bg5+ Kxg5 32.Qxe5+  1-0

[Event "17th Cesenatico Open"]
[Site "Cesenatico ITA"]
[Date "2013.09.06"]
[Round "7.6"]
[White "Di Trapani,D"]
[Black "Schaufelberger,H"]
[Result "1/2-1/2"]
[WhiteElo "2130"]
[BlackElo "2262"]

1.e4 d6 2.d4 Nf6 3.Nc3 e5 4.Nf3 exd4 5.Nxd4 Be7 6.h3 O-O 7.Be3 Nc6 8.Nxc6 bxc6
9.g4 Nd7 10.Bg2 Rb8 11.b3 c5 12.Nd5 Bb7 13.O-O Re8 14.Re1 Bf8 15.Qd2 Bxd5
16.Qxd5 h6 17.Bd2 Ne5 18.Bc3 g5 19.Bxe5 Rxe5 20.Qd2 Bg7 21.Rad1 Re6 22.Bf1 Bd4
23.c3 Be5 24.Bc4 Rf6 25.Qd3 Rf4 26.f3 Qf6 27.Re3 Kg7 28.Kf2 h5 29.Ke2 hxg4
30.hxg4 Rh8 31.Rf1 Rh2+ 32.Rf2 Rxf2+ 33.Kxf2 Rxg4 34.Qd5 Rf4 35.Ke2 c6 36.Qd3 Rh4
37.Kd1 Rh2 38.a4 a5 39.Ba6 Qf4 40.Bc8 Rb2 41.c4 Rh2 42.Re2 Rh1+ 43.Re1 Rh8
44.Bd7 Rh2 45.Re2 Rh1+ 46.Re1 Rh6 47.Re2 Kf8 48.Bc8 Ke7 49.Bg4 Bd4 50.Bc8 Rh1+
51.Re1 Rh8 52.Bg4 Kf6 53.Bd7 Rh2 54.Re2 Rh1+ 55.Re1 Rh2  1/2-1/2

[Event "12th Izmir Open"]
[Site "Izmir TUR"]
[Date "2013.09.06"]
[Round "7.15"]
[White "Cingoz,O"]
[Black "Duman,A"]
[Result "0-1"]
[WhiteElo "1918"]
[BlackElo "2271"]

1.e4 d6 2.d4 Nf6 3.Nc3 Nbd7 4.Nf3 e5 5.Bc4 Be7 6.O-O O-O 7.Re1 c6 8.a3 b5
9.Bb3 Bb7 10.Qe2 a5 11.dxe5 dxe5 12.Bg5 h6 13.Bxf6 Bxf6 14.Rad1 Qe7 15.Qd2 Nc5
16.Qd6 Rfe8 17.Qxe7 Rxe7 18.Rd2 Kf8 19.a4 b4 20.Na2 Ke8 21.Nc1 Ba6 22.g3 Rd8
23.Rxd8+ Kxd8 24.Nd2 Rd7 25.Nf1 Bg5 26.Na2 h5 27.h4 Bh6 28.Kg2 Kc7 29.Nc1 f6
30.Ne3 Bxe3 31.Rxe3 Rd1 32.Ne2 Nxb3 33.cxb3 Rb1 34.g4 hxg4 35.Ng3 g6 36.h5 gxh5
37.Nxh5 Bf1+ 38.Kh2 Rxb2 39.Kg1 Be2 40.Nxf6 Bf3 41.Rd3 Rb1+ 42.Kh2 Rh1+  0-1

[Event "78th ch-ESP 2013"]
[Site "Linares ESP"]
[Date "2013.09.06"]
[Round "9.26"]
[White "Navarrete Espi,S"]
[Black "Valero Gutierrez,A"]
[Result "1-0"]
[WhiteElo "2214"]
[BlackElo "1886"]

1.e4 d6 2.d4 Nf6 3.Nc3 Nbd7 4.Nf3 e5 5.Bc4 h6 6.O-O c6 7.a4 a5 8.Re1 Be7
9.b3 Qc7 10.Ba3 Nf8 11.d5 g5 12.Nxe5 dxe5 13.d6 Qd7 14.dxe7 Ng6 15.Nd5 Nxd5
16.exd5 Rh7 17.dxc6 bxc6 18.Qf3 Bb7 19.Rad1 Qc7 20.Be6 c5 21.Qd3 Kxe7 22.Bxf7 Rxf7
23.Bc1 Bc8 24.Qd8+ Qxd8 25.Rf1 Ke8 26.Rfe1 Qc7 27.Ba3 Qd7 28.Ra1 Bb7 29.Rad1 Ke7
30.Bc1 Nf8 31.Ba3 Ng6 32.Bxc5+  1-0

[Event "TCh-ROU w 2013"]
[Site "Mamaia ROU"]
[Date "2013.09.06"]
[Round "7.1"]
[White "Florea,Do"]
[Black "Danielian,E"]
[Result "0-1"]
[WhiteElo "1863"]
[BlackElo "2470"]

1.e4 c6 2.d4 d6 3.Nc3 Nf6 4.Nf3 Bg4 5.Be2 e6 6.Be3 d5 7.e5 Nfd7 8.h3 Bxf3
9.Bxf3 c5 10.O-O Nc6 11.Re1 cxd4 12.Bxd4 Nxd4 13.Qxd4 Bc5 14.Qd2 O-O 15.Na4 Qc7
16.Nxc5 Qxc5 17.c3 Rac8 18.Bd1 a6 19.Bb3 Rfd8 20.Ba4 b5 21.Qd4 Qf8  0-1

[Event "10th LGA Premium Cup GpC"]
[Site "Nuernberg GER"]
[Date "2013.09.06"]
[Round "2.1"]
[White "Osmanodja,F"]
[Black "Zude,E"]
[Result "0-1"]
[WhiteElo "2275"]
[BlackElo "2377"]

1.e4 d6 2.d4 Nf6 3.Nc3 e5 4.Nf3 exd4 5.Nxd4 Be7 6.g3 O-O 7.Bg2 Nc6 8.Nxc6 bxc6
9.O-O Rb8 10.Ne2 c5 11.c4 Nd7 12.f4 Bf6 13.Rb1 Re8 14.Qc2 Bb7 15.g4 Qe7 16.Ng3 Bd4+
17.Kh1 Nf6 18.Nf5 Qxe4 19.Bxe4 Bxe4+ 20.Qxe4 Rxe4 21.g5 Nd7 22.b3 Re2 23.Rd1 Rbe8
24.Bd2 Nf8 25.Re1 Ng6 26.Rxe2 Rxe2 27.Rd1 Kf8 28.Ba5 Nxf4 29.Bxc7 Be5 30.Bxd6+ Bxd6
31.Nxd6 Ne6 32.Nf5 g6 33.Ng3 Rxa2 34.Ne4 Re2 35.Nf6 Nxg5 36.Rf1 Kg7 37.h4 Ne4
38.Nxe4 Rxe4 39.Ra1 Re7 40.Ra5 Rb7 41.Rxc5 Rxb3  0-1

[Event "12th Kesarovski Mem"]
[Site "Sunny Beach BUL"]
[Date "2013.09.06"]
[Round "7.8"]
[White "Chekhov,S"]
[Black "Kukov,V"]
[Result "1-0"]
[WhiteElo "2462"]
[BlackElo "2356"]

1.e4 d6 2.d4 Nf6 3.Nc3 e5 4.Nf3 exd4 5.Nxd4 Be7 6.Be2 O-O 7.O-O Re8 8.f4 Bf8
9.Bf3 c5 10.Ndb5 Nc6 11.Be3 a6 12.Na3 Qc7 13.Nc4 Nd4 14.e5 Nxf3+ 15.Qxf3 Be6
16.Nxd6 Bxd6 17.exf6 g6 18.Rfe1 Qb6 19.Rad1 Bf8 20.b3 Qa5 21.Bf2 Bf5 22.Nd5 Bxc2
23.Rc1 Rxe1+ 24.Rxe1 Rd8 25.Ne7+ Kh8 26.Qxb7 Qc3 27.Qc7 Ra8 28.Nd5 Qd3 29.Qxf7 Rd8
30.Ne7 Bh6 31.Nf5 Rf8 32.Nxh6  1-0

[Event "15th Trieste Open"]
[Site "Trieste ITA"]
[Date "2013.09.06"]
[Round "8"]
[White "Rozentalis,E"]
[Black "Dvirnyy,D"]
[Result "1-0"]
[WhiteElo "2607"]
[BlackElo "2549"]

1.e4 d6 2.d4 Nf6 3.Nc3 Nbd7 4.Nf3 e5 5.g3 c6 6.Bg2 b5 7.O-O Be7 8.Nh4 O-O
9.Nf5 Nb6 10.dxe5 dxe5 11.Qxd8 Bxd8 12.Be3 g6 13.Nh4 Be7 14.Rad1 Bg4 15.Nf3 Nc4
16.Bc1 Rfd8 17.h3 Bxf3 18.Bxf3 Bb4 19.Nb1 Bf8 20.b3 Nd6 21.Bb2 Re8 22.Rfe1 Rad8
23.Kf1 h5 24.h4 Nd7 25.Bg2 Nc5 26.f3 a5 27.Bh3 a4 28.Bc1 Ne6 29.Be3 axb3
30.axb3 Nb7 31.Rxd8 Rxd8 32.Bxe6 fxe6 33.Ke2 Ra8 34.Nc3 Kf7 35.Rd1 Bd6 36.Bc5 Ke7
37.Bxd6+ Nxd6 38.Ke3 Ra3 39.f4 Nf7 40.Rf1 Ra8 41.f5 g5 42.hxg5 Nxg5 43.Rh1 Rh8
44.Rh4 Rh7 45.Nd1 Kf6 46.Nf2 exf5 47.exf5 Kxf5 48.Rxh5 Rxh5 49.g4+ Kg6 50.gxh5+ Kxh5
51.Nd3 Nf7 52.Ke4 Kg5 53.Nxe5 Nd6+ 54.Kd4 Nf5+ 55.Kc5 Ne3 56.Nf3+ Kf4 57.Nd4 Ke4
58.b4  1-0

[Event "FSFMB Sept 2013"]
[Site "Budapest HUN"]
[Date "2013.09.07"]
[Round "1.3"]
[White "Bacsi,A"]
[Black "Csiba,Tibor Dr."]
[Result "1/2-1/2"]
[WhiteElo "1845"]
[BlackElo "1574"]

1.e4 d6 2.d4 Nf6 3.Nc3 c6 4.Bg5 Qb6 5.Rb1 Nbd7 6.f4 e6 7.Nf3 Be7 8.Bd3 O-O
9.O-O e5 10.Bc4 exd4 11.Qxd4 Re8 12.Bb3 Qxd4+ 13.Nxd4 Nc5  1/2-1/2

[Event "Svenska Cup 2013"]
[Site "Linkoping SWE"]
[Date "2013.09.07"]
[Round "3.3"]
[White "Sagit,R"]
[Black "Sternlund,H"]
[Result "1-0"]
[WhiteElo "2361"]
[BlackElo "2099"]

1.e4 d6 2.d4 Nf6 3.Nc3 c6 4.a4 Qa5 5.Bd2 e5 6.Nd5 Qd8 7.Nxf6+ Qxf6 8.Bc3 Qg6
9.Qe2 Nd7 10.Nf3 exd4 11.Nxd4 Nc5 12.Nf5 Be6 13.Ng3 h5 14.f3 Be7 15.Qe3 f6
16.Ne2 Qf7 17.Bd4 a5 18.Nf4 Bc4 19.Bxc5 dxc5 20.Bxc4 Qxc4 21.Qb3 Qxb3 22.cxb3 g5
23.Nd3 Rd8 24.Ke2 Rd4 25.Rac1 b6 26.Rc4 Kf7 27.h4 Kg6 28.hxg5 Kxg5 29.Nf2 Bd6
30.Nh3+ Kg6 31.Rxd4 cxd4 32.Kd3 Rd8 33.Rc1 Rc8 34.Kxd4 Be5+ 35.Ke3 Bxb2 36.Nf4+ Kg5
37.Ne6+ Kg6 38.Rd1 Re8 39.Rd6 Kf7 40.Nc7 Rc8 41.Rd7+ Kg6 42.f4 Kh6 43.Kf3 Ba3
44.e5 fxe5 45.fxe5 Kg6 46.Ke4 b5 47.axb5 cxb5 48.Nxb5 Bf8 49.Nd4 Rc3 50.e6 Bh6
51.Nf5 Bg5 52.e7 Bxe7 53.Nxe7+ Kg5 54.Rd3 Rc2 55.Rg3+ Kf6 56.Nd5+ Kf7 57.Nf4 h4
58.Rg5 Rb2 59.Rxa5 Rxb3 60.Rh5  1-0

[Event "Svenska Cup 2013"]
[Site "Linkoping SWE"]
[Date "2013.09.07"]
[Round "4.7"]
[White "Ng,Klemens"]
[Black "Eriksson,Jor"]
[Result "0-1"]
[WhiteElo "1569"]
[BlackElo "2223"]

1.e4 d6 2.d4 Nf6 3.Nc3 Nbd7 4.Nf3 e5 5.Bg5 Be7 6.Qd2 h6 7.Be3 Ng4 8.O-O-O c6
9.Kb1 O-O 10.Bc4 Qc7 11.h3 Nxe3 12.Qxe3 b5 13.Bb3 a5 14.a4 bxa4 15.Nxa4 Rb8
16.g4 Rb4 17.g5 exd4 18.Nxd4 Bxg5 19.f4 Bf6 20.Nf5 d5 21.e5 Re4 22.Qg3 Nxe5
23.Nxh6+ Kh7 24.Ng4 Ng6 25.Nc5 Bh4 26.Qh2 Re7 27.Nd3 Bf5 28.Nde5 Nxe5 29.Nxe5 Bf6
30.Nd3 Rb8 31.Rd2 Bxd3 32.Rxd3 a4 33.Bxa4 Rxb2+ 34.Kc1 Qa5 35.Bxc6 Rb1+  0-1

[Event "ch-POR 2013"]
[Site "Lisbon POR"]
[Date "2013.09.07"]
[Round "7.4"]
[White "Diogo,V"]
[Black "Fernandes,Ant"]
[Result "1/2-1/2"]
[WhiteElo "2276"]
[BlackElo "2383"]

1.e4 d6 2.d4 Nf6 3.Nc3 c6 4.a4 g6 5.Be2 Bg7 6.Nf3 O-O 7.h3 Nbd7 8.e5 dxe5
9.dxe5 Nd5 10.Nxd5 cxd5 11.Qxd5 Nxe5 12.Qxd8 Rxd8 13.Nxe5 Bxe5 14.c3 Be6
15.Bf3 Bc4 16.a5 a6 17.Be3 Rd7 18.Be2 Rc8 19.Bxc4 Rxc4 20.Ke2 Rd5 21.Rhd1 Rb5
22.Ra2 Bc7 23.Rd7 Kf8 24.Kd3 Rc6 25.c4 Rb4 26.Rd4 Rb3+ 27.Kc2 Rb5 28.Bd2 Rf5
29.f4 e5 30.fxe5 Bxe5 31.Re4 f6 32.Be3 Rf1 33.b4 Kf7 34.Kd3 Rd6+ 35.Ke2 Rb1
36.Bd2 Bd4 37.c5 Rd7 38.Kd3 Be5+ 39.Kc2 Rg1 40.Re2 Ke6 41.Ra3 Kd5 42.Be3 Rf1
43.Rd3+ Kc6 44.Rxd7 Kxd7 45.Rd2+ Kc7 46.Rd3 Re1 47.g4 Re2+ 48.Kd1 Rh2 49.Bd2 Kc6
50.Be1 h5 51.gxh5 gxh5 52.h4 Rg2 53.Rd8 f5 54.Rf8 f4 55.Rf5 Bc7 56.Rxh5 Rh2
57.Rf5 Kb5 58.Rf7 Kc6 59.Rf5 Rg2 60.Bd2 Rg4 61.h5 Rh4 62.Kc2 Rh3 63.Rf6+ Kb5
64.Rf7 Kc6 65.h6 Be5 66.h7 f3 67.Rf5 f2 68.Rxf2 Rxh7 69.Rg2 Kb5 70.Rg6 Bc7
71.Rg4 Rf7 72.Re4 Rg7 73.Rh4 Bg3 74.Re4 Bc7 75.Rh4 Rf7 76.Rg4 Be5 77.Rg5 Bf4
78.Rg6 Bc7 79.Rg4 Rh7 80.Re4 Rf7 81.Rg4  1/2-1/2